00350 a2200145 4500003000400000005001700004008004100021040000900062082002000071100002100091245003200112250001300144260003300157300001400190OSt20260306134131.0260306b |||||||| |||| 00| 0 eng d coclc a894.8123bKAL/K aKalayath, Naseef aKHADEEJA /cNaseef Kalayath a19th Ed. aKottayam:bD C Books.c2025, a126 pages